000 00567nam a22002177a 4500
003 UA-OsUOA
001 59138
007 ta
008 20090311b un ||||| |||| 00| 0 ukr d
100 _aЛуньова О.
090 _a159
_bЛ84
942 _cSA
040 _aUA-OsUOA
_bukr
_cUA-OsUOA
_dUA-OsUOA
245 _aПсихологічний тренінг у сучасному освітньому просторі
300 _aС.4
955 _a0
041 _aukr
080 _a159
773 0 _w59136
650 7 _a1 Філософські науки
_2UDC
999 _c345224
_d345224